Historia de las Instituciones Sociales y Políticas de España y Portugal durante los siglos V a XIV / (Record no. 101306)

MARC details
000 -LEADER
campo de control de longitud fija 00960nam a2200229 i 4500
001 - NÚMERO DE CONTROL
campo de control 101306
003 - IDENTIFICADOR DE NÚMERO DE CONTROL
campo de control ES-MaACL
005 - FECHA Y HORA DE LA ÚLTIMA TRANSACCIÓN
campo de control 20250927134913.0
007 - CAMPO FIJO DE DESCRIPCIÓN FÍSICA--INFORMACIÓN GENERAL
campo de control de longitud fija t|
008 - DATOS DE LONGITUD FIJA--INFORMACIÓN GENERAL
campo de control de longitud fija 051017m19251926sp ||||1| spa d
100 1# - ENTRADA PRINCIPAL--NOMBRE DE PERSONA
Nombre de persona Mayer, Ernst.
9 (RLIN) 79348
245 10 - MENCIÓN DEL TÍTULO
Título Historia de las Instituciones Sociales y Políticas de España y Portugal durante los siglos V a XIV /
Mención de responsabilidad, etc. por Ernesto Mayer; [traducción de Galo Sánchez].
260 ## - PUBLICACIÓN, DISTRIBUCIÓN, ETC.
Lugar de publicación, distribución, etc. Madrid :
Nombre del editor, distribuidor, etc. Anuario de Historia del Derecho Español,
Fecha de publicación, distribución, etc. 1925-26.
300 ## - DESCRIPCIÓN FÍSICA
Extensión 2 v. ;
Dimensiones 25 cm.
490 1# - MENCIÓN DE SERIE
Mención de serie Anuario de Historia del Derecho Español
500 ## - NOTA GENERAL
Nota general Precede al tít.: Junta para Ampliación de Estudios e Investigaciones Científicas.
700 1# - ENTRADA AGREGADA--NOMBRE PERSONAL
Nombre de persona Sánchez, Galo,
Fechas asociadas al nombre 1892-1969
9 (RLIN) 102368
710 2# - ENTRADA AGREGADA--NOMBRE DE ENTIDAD CORPORATIVA
Nombre de entidad corporativa o nombre de jurisdicción como elemento de entrada Junta para la Ampliación de Estudios e Investigaciones Científicas.
9 (RLIN) 5413
830 00 - PUNTO DE ACCESO ADICIONAL DE SERIE-TÍTULO UNIFORME
Título uniforme Anuario de historia del derecho español
9 (RLIN) 184601
852 ## - LOCALIZACIÓN
Ubicación ES-MaACL
Número de control de estantería B-13019-20
Holdings
Estatus retirado Estado de pérdida Estado de daño No para préstamo Biblioteca de origen Biblioteca actual Ubicación en estantería Fecha de adquisición Fuente de adquisición Total de préstamos Signatura topográfica completa Código de barras Visto por última vez Precio de reemplazo Tipo de ítem Koha
        Biblioteca del Ateneo de Madrid Biblioteca del Ateneo de Madrid Sala Pardo Bazán 17/01/2008     B-13019-20 1105766 23/02/2023 23/02/2023 Libro impreso